Music Quiz

Random Music or Lyrics Quiz

'Hot Problems' Lyrics Quiz Stats

 Plays Quiz not verified by Sporcle

Challenge
Share
Tweet
Embed
Score 0/208 Timer 08:00
0 Plays Today
% Correct
you
100%
you,
100%
you
100%
you
100%
you
100%
we
98.1%
hot,
98.1%
like
98.1%
Hot
98.1%
we
98.1%
like
98.1%
hot,
98.1%
hot,
98.1%
hot,
98.1%
hot,
98.1%
hot.
98.1%
we
98.1%
hot
98.1%
like
98.1%
We
98.1%
hot
98.1%
have
96.2%
a
96.2%
a
96.2%
problems
96.2%
We're
96.2%
just
96.2%
we're
96.2%
we're
96.2%
a
96.2%
Just
96.2%
have
96.2%
just
96.2%
have
96.2%
just
96.2%
Just
96.2%
We're
96.2%
to
94.2%
to
94.2%
to
94.2%
and
92.3%
the
92.3%
and
92.3%
and
92.3%
The
92.3%
and
92.3%
and
92.3%
the
92.3%
the
92.3%
and
92.3%
the
92.3%
and
92.3%
girls
90.4%
girls
90.4%
Girls
90.4%
girls
90.4%
girls
90.4%
I
88.5%
I
88.5%
'I
88.5%
except
88.5%
I've
88.5%
I've
88.5%
I
88.5%
I
88.5%
I
88.5%
I
88.5%
eyes
82.7%
too.
82.7%
eyes
82.7%
% Correct
go
80.8%
not
80.8%
go
80.8%
their
78.8%
They
75%
but
75%
they
75%
but
75%
but
75%
got
75%
open
75%
perfect
75%
got
75%
got
75%
But
75%
perfect!
75%
me
73.1%
me
73.1%
do
73.1%
do
73.1%
me
73.1%
that
73.1%
me
73.1%
lie.
73.1%
me
73.1%
me
73.1%
me.
73.1%
me?
73.1%
What
71.2%
don't
71.2%
what
71.2%
see
71.2%
don't
71.2%
don't
71.2%
I'm
71.2%
be
71.2%
realize
71.2%
sometimes
71.2%
don't
71.2%
I'm
71.2%
I'm
71.2%
be
71.2%
don't
71.2%
see
71.2%
Look
69.2%
at
69.2%
tell
69.2%
know
69.2%
my
69.2%
blond
69.2%
know
69.2%
heart.
69.2%
know
69.2%
my
69.2%
look.
69.2%
say
69.2%
say
69.2%
know
69.2%
truth.
67.3%
hair,
67.3%
needs
67.3%
blue
65.4%
big
65.4%
when
63.5%
people
63.5%
really
63.5%
really
63.5%
can't
63.5%
world
63.5%
People
63.5%
% Correct
can't
63.5%
get
61.5%
get
61.5%
kidding.
61.5%
through?
59.6%
said,
59.6%
On
59.6%
of
59.6%
are
59.6%
call
57.7%
call
57.7%
butt.
57.7%
call
57.7%
takes
55.8%
names,
55.8%
tamed.'
55.8%
those
55.8%
****.
55.8%
Boys
55.8%
those
55.8%
thing
55.8%
is
55.8%
class,
53.8%
wrong.
53.8%
textbook
53.8%
perfection
53.8%
lot.
53.8%
Miley
53.8%
make
53.8%
needed.
53.8%
cause
53.8%
pretty,
53.8%
about
53.8%
about
53.8%
make
53.8%
up.
51.9%
all
51.9%
comments
51.9%
all
51.9%
phone
50%
things
50%
behalf
50%
dumb.
50%
fun.
50%
things
50%
didn't
50%
party.
50%
Please
48.1%
guys
48.1%
stuck
48.1%
aren't
48.1%
in
48.1%
care
46.2%
wanna
46.2%
Funny
46.2%
Why,
46.2%
why
46.2%
conceited.
44.2%
start
42.3%
oh
42.3%
Now
42.3%
rumors
38.5%
trouble.
38.5%
our
38.5%
trouble.
38.5%
Weird
36.5%
mistakes
34.6%
wits
25%

You're not logged in!

Compare scores with friends on all Sporcle quizzes.
OR
Log In

You Might Also Like...

Show Comments

Extras

Top Quizzes Today


Score Distribution

Your Account Isn't Verified!

In order to create a playlist on Sporcle, you need to verify the email address you used during registration. Go to your Sporcle Settings to finish the process.

Report this User

Report this user for behavior that violates our Community Guidelines.

Details: